[Event "Brno op 9th"]
[Site "Brno"]
[Date "2019.11.05"]
[Round "3"]
[White "Hayrumyan, Artur"]
[Black "Strnad, Jiri"]
[Result "1-0"]
[WhiteElo "1418"]
[BlackElo "1589"]
[PlyCount "73"]
[EventDate "2019.11.03"]
[EventType "swiss"]
[EventRounds "7"]
[EventCountry "CZE"]
[SourceTitle "CBM 193 Extra"]
[Source "ChessBase"]
[SourceDate "2020.01.31"]
[SourceVersion "1"]
[SourceVersionDate "2020.01.31"]
[SourceQuality "1"]

1. e4 e5 2. Nc3 Nc6 3. Bc4 Nf6 4. f4 Bc5 5. fxe5 Nxe5 6. Bb3 Nc6 7. e5 Qe7 8. Nge2 Qxe5 9. d4 Bxd4 10. Bf4 Bxc3+ 11. bxc3 Qe7 12. 0-0 0-0 13. a4 Qc5+ 14. Kh1 Ne4 15. Qe1 d6 16. Rf3 Bg4 17. Be3 Qh5 18. Nf4 Qe5 19. Rf1 Qxc3 20. Qc1 Rae8 21. Nd5 Qa5 22. Rf4 Bh5 23. Qb2 Nd8 24. Raf1 c6 25. Bd4 cxd5 26. Bxg7 Re5 27. Bxe5 dxe5 28. Qxe5 Bg6 29. Bxd5 Qxa4 30. Bxe4 Bxe4 31. Rxe4 Qc6 32. Rg4+ Qg6 33. Rxg6+ hxg6 34. Rf3 Nc6 35. Qc3 Re8 36. Rh3 Re6 37. Rh8# 1-0

[Event "Brno op 4th"]
[Site "Brno"]
[Date "2013.11.17"]
[Round "3"]
[White "Pultorak, Jan"]
[Black "Strnad, Jiri"]
[Result "1-0"]
[WhiteElo "1908"]
[BlackElo "1683"]
[PlyCount "47"]
[EventDate "2013.11.16"]
[EventType "swiss"]
[EventRounds "9"]
[EventCountry "CZE"]
[SourceTitle "CBM 157 Extra"]
[Source "ChessBase"]
[SourceDate "2013.12.19"]
[SourceVersion "1"]
[SourceVersionDate "2013.12.19"]
[SourceQuality "1"]

1. e4 e5 2. Nf3 Nc6 3. Bc4 Nf6 4. 0-0 d5 5. exd5 Nxd5 6. Re1 Bg4 7. Nxe5 Bxd1 8. Nxc6+ Be7 9. Nxd8 Rxd8 10. Rxd1 0-0 11. Bxd5 Rxd5 12. Nc3 Rd7 13. d4 Rfd8 14. Be3 c6 15. Rd2 a6 16. Rad1 b5 17. d5 b4 18. Ne4 cxd5 19. Bc5 Bxc5 20. Nxc5 Re7 21. f3 a5 22. Rxd5 Rde8 23. Ne4 h6 24. Rxa5 1-0